000 00707cam a2200181 i 4500
005 20251124110820.0
008 250721s2012 jo gr 000 0 ara d
082 1 4 _a211.6
_bك ر د
100 1 _aكردي، احمد راجح
_eمؤلف.
245 1 2 _aالخطاب العقدي للكينونة الإنسانية في القرآن الكريم /
_cتأليف الدكتور احمد راجح كردي.
250 _aالطبعة الأولى.
264 3 1 _aعمان :
_bدار يافا العلمية للنشر والتوزيع،
_c2012.
300 _a238 صفحة.
650 1 7 _aالقرآن الكريم.
650 1 7 _aالفاظ القرآن.
942 _2ddc
_cBK
999 _c124742
_d124742